000 00420nam a22001817a 4500
003 MPLRDC
005 20220104142656.0
008 210129b ||||| |||| 00| 0 eng d
082 _a177 YQL c.3
100 _a叶启伦编著
245 _a人性心理战
_c
250 _a初版
260 _a
_b辅新书局
_c1991
300 _b
490 _a处世锦襄静修丛书
650 _a
942 _cBK
_o177 YQL c.3
999 _c32797
_d32787